Armero (Registro nro. 43808)

Detalles MARC
000 -ENCABEZADO
Número de control [NR] 01026nam a2200253Ia 4500
005 - FECHA Y HORA DE LA ÚLTIMA TRANSACCIÓN
control field 20160222112833.0
008 - DE LONGITUD FIJA DE DATOS DE ELEMENTOS - INFORMACIÓN GENERAL
Elementos de longitud fija [NR] 130821s1995 ck ao fr 0 spa d
020 ## - NUMERO INTERNACIONAL NORMALIZADO PARA LIBROS [R]
Número Internacional Normalizado del libro [NR] 9789589362204
040 ## - FUENTE DE CATALOGACION [NR]
Agencia de catalogación original [NR] Co-BoUCM
Idioma de catalogación [NR] spa
Quien Cataloga Saul Niño (Modificó)
Quien Clasifica Saul Niño (Modificó)
041 00 - CODIGO DE IDIOMA [R]
Código de idioma para texto/pista de sonido o título separado [R] Español
100 1# - ASIENTO PRINCIPAL--NOMBRE PERSONAL [NR]
Nombre personal [NR] Cruz, Carmen Inés
ID Autoridad 75669
245 00 - MENCION DE TITULO [NR]
Título [NR] Armero
Parte restante del título [NR] diez años de ausencia
Mención de responsabilidad, etc. [NR] Carmén Ines Cruz Betancourt, Francisco Parra Sandoval, Nelsy Gined Roa López
260 ## - PUBLICACION, DISTRIBUCION, ETC. (PIE DE IMPRENTA) [R]
Lugar de publicación, distribución, etc. [R] Ibagué (Tolima, Colombia)
Nombre del editor, distribuidor, etc. [R] Fondo Resurgir-FES
Fecha de publicación, distribución, etc. [R] 1995
300 ## - DESCRIPCION FISICA [R]
Extensión [R] 207 páginas
Otros detalles físicos [NR] ilustraciones, fotografías
504 ## - NOTA DE BIBLIOGRAFIA, ETC. [R]
Nota de bibliografía, etc. [NR] Incluye referencias bibliográficas
650 04 - ASIENTO SECUNDARIO DE MATERIA - TERMINO TEMATICO [R]
Término temático o nombre geográfico como elemento de entrada [NR] Crónicas
Subdivisión geográfica [R] Colombia
9 (RLIN) 45216
650 04 - ASIENTO SECUNDARIO DE MATERIA - TERMINO TEMATICO [R]
Término temático o nombre geográfico como elemento de entrada [NR] Desastres naturales
Subdivisión general [R] Historia
Subdivisión cronológica [R] Armero (Colombia)
9 (RLIN) 75670
650 04 - ASIENTO SECUNDARIO DE MATERIA - TERMINO TEMATICO [R]
Término temático o nombre geográfico como elemento de entrada [NR] Desastres naturales
Subdivisión geográfica [R] Colombia
9 (RLIN) 12998
Subdivisión general [R] Historia
690 #0 - ASUNTO AGREGADO LOCAL DE ENTRADA - TÉRMINO TEMÁTICO (OCLC, RLIN)
Acceso temático local Periodismo
9 (RLIN) 21340
700 1# - ASIENTO SECUNDARIO - NOMBRE PERSONAL [R]
Nombre personal [NR] Roa López, Nelsy Gined
9 (RLIN) 75676
700 1# - ASIENTO SECUNDARIO - NOMBRE PERSONAL [R]
Nombre personal [NR] Parra Sandoval, Francisco
9 (RLIN) 71017
942 ## - ELEMENTOS DE ENTRADA AGREGADOS (KOHA)
Tipo de ítem principal el descrito en 300a Libro
Tema principal Comunicación
Edición 1
Parte restante de la signatura top. C957
Sistema de clasificación DEWEY
Clasificación 070.44861
Existencias
Fecha de último préstamo Total préstamos Total Renewals Signatura topográfica Código de barras Última vez visto Ejemplar Price effective from Tipo de ítem Perdido Sistema de clasificación Dañado No prestable Tipo de ítem específico Suprimido Ubicación habitual Ubicación actual Localización Fecha de creación Forma de adquisición Costo Costo de reposición Proveedor
17/02/2015 6 3 070.44861 C957 100068173 05/12/2025 Ej.1 03/02/2013 Libro   DEWEY     Libro   Claustro Claustro 2do piso 28/02/2004 Donación 24500.00    
31/01/2017 1   070.44861 C957 100148664 05/12/2025 Ej.2 12/02/2016 Libro   DEWEY     Libro   Claustro Claustro 2do piso 12/02/2016 Donación 0.00 26000.00 12